[Event "Irena Warakomska Memorial A"]
[Site "Suwalki"]
[Date "2018.08.08"]
[Round "9"]
[White "Ulanowski, Karol"]
[Black "Lisowski, Krzysztof"]
[Result "1/2-1/2"]
[Board "41"]
[WhiteElo "2149"]
[WhiteCountry "POL"]
[WhiteFideId "1108964"]
[WhiteEloChange "-2"]
[BlackElo "2072"]
[BlackCountry "POL"]
[BlackFideId "1110969"]
[BlackEloChange "2"]

1. e4 {[%clk 1:30:56]} c5 {[%clk 1:30:54]} 2. Nf3 {[%clk 1:31:21]} Nc6 {[%clk
1:31:18]} 3. d4 {[%clk 1:31:48]} cxd4 {[%clk 1:31:39]} 4. Nxd4 {[%clk 1:32:16]}
Nf6 {[%clk 1:32:01]} 5. Nc3 {[%clk 1:32:16]} e5 {[%clk 1:32:24]} 6. Ndb5 {[%clk
1:33:11]} d6 {[%clk 1:32:47]} 7. Bg5 {[%clk 1:33:33]} a6 {[%clk 1:33:12]} 8. Na3
{[%clk 1:34:01]} b5 {[%clk 1:33:35]} 9. Bxf6 {[%clk 1:34:27]} gxf6 {[%clk
1:33:59]} 10. Nd5 {[%clk 1:34:53]} Bg7 {[%clk 1:34:22]} 11. Bd3 {[%clk 1:35:01]}
Ne7 {[%clk 1:34:45]} 12. Nxe7 {[%clk 1:35:25]} Qxe7 {[%clk 1:35:28]} 13. c4
{[%clk 1:33:49]} f5 {[%clk 1:35:51]} 14. O-O {[%clk 1:33:36]} O-O {[%clk
1:36:11]} 15. Qh5 {[%clk 1:32:58]} d5 {[%clk 1:35:05]} 16. cxd5 {[%clk 1:26:22]}
Qd8 {[%clk 1:34:02]} 17. g4 {[%clk 1:01:23]} fxg4 {[%clk 1:27:55]} 18. Nc2 {[%clk
1:01:39]} Rb8 {[%clk 0:54:01]} 19. h4 {[%clk 0:33:05]} Kh8 {[%clk 0:50:49]} 20.
a4 {[%clk 0:30:40]} bxa4 {[%clk 0:35:13]} 21. Rxa4 {[%clk 0:29:46]} Rxb2 {[%clk
0:24:13]} 22. Ne3 {[%clk 0:17:29]} Rb6 {[%clk 0:13:14]} 23. Ng2 {[%clk 0:05:06]}
Rh6 {[%clk 0:12:56]} 24. Qg5 {[%clk 0:17:56]} f6 {[%clk 0:10:35]} 25. Qe3 {[%clk
0:15:01]} f5 {[%clk 0:10:43]} 26. exf5 {[%clk 0:12:55]} Qxd5 {[%clk 0:11:06]} 27.
Qe2 {[%clk 0:12:31]} Qf7 {[%clk 0:08:11]} 28. Ne3 {[%clk 0:04:54]} Rxh4 {[%clk
0:08:14]} 29. Rxg4 {[%clk 0:04:53]} Qh5 {[%clk 0:07:28]} 30. Rxh4 {[%clk
0:05:19]} Qxh4 {[%clk 0:07:52]} 31. Qf3 {[%clk 0:05:19]} Bh6 {[%clk 0:06:54]} 32.
Ng2 {[%clk 0:05:43]} Qf6 {[%clk 0:04:05]} 33. Rb1 {[%clk 0:04:18]} Bg5 {[%clk
0:01:57]} 34. Rb8 {[%clk 0:04:39]} Qd6 {[%clk 0:01:37]} 35. Ra8 {[%clk 0:03:22]}
Rd8 {[%clk 0:01:19]} 36. f6 {[%clk 0:02:05]} Qxf6 {[%clk 0:01:20]} 37. Qe4 {[%clk
0:03:42]} Qe7 {[%clk 0:01:23]} 38. Rb8 {[%clk 0:00:59]} Rg8 {[%clk 0:00:40]} 39.
Qc6 Qd7 {[%clk 0:30:51]} 40. Qc3 {[%clk 0:30:40]} Bf6 {[%clk 0:17:03]} 41. Qc4
{[%clk 0:18:26]} Rd8 {[%clk 0:14:53]} 42. Rb3 {[%clk 0:09:59]} Bb7 {[%clk
0:13:40]} 43. Ne3 {[%clk 0:08:17]} Rc8 {[%clk 0:13:37]} 44. Rxb7 {[%clk 0:08:20]}
Qxb7 {[%clk 0:13:35]} 45. Qe6 {[%clk 0:08:46]} Rc1+ {[%clk 0:11:57]} 46. Nf1
{[%clk 0:09:14]} Qg7+ {[%clk 0:07:58]} 47. Kh2 {[%clk 0:07:04]} Qe7 {[%clk
0:03:04]} 48. Qxa6 {[%clk 0:05:10]} e4 {[%clk 0:02:30]} 49. Qa8+ {[%clk 0:05:33]}
Kg7 {[%clk 0:03:02]} 50. Ng3 {[%clk 0:05:08]} Be5 {[%clk 0:03:01]} 51. Qxe4
{[%clk 0:06:02]} Bxg3+ {[%clk 0:02:58]} 52. fxg3 {[%clk 0:06:27]} Qxe4 {[%clk
0:02:04]} 53. Bxe4 {[%clk 0:06:09]} h5 {[%clk 0:01:08]} 54. Kh3 {[%clk 0:05:51]}
Kh6 {[%clk 0:01:55]} 55. Bg2 {[%clk 0:06:23]} Kg5 {[%clk 0:02:14]} 56. Bd5 {[%clk
0:05:47]} Rc2 {[%clk 0:01:37]} 57. Be6 {[%clk 0:06:02]} Rd2 {[%clk 0:01:24]} 58.
Bc8 {[%clk 0:06:25]} Re2 {[%clk 0:00:53]} 59. Bd7 {[%clk 0:06:43]} Re7 {[%clk
0:00:46]} 60. Bc8 {[%clk 0:06:50]} Rc7 {[%clk 0:00:54]} 61. Be6 {[%clk 0:06:42]}
Re7 {[%clk 0:00:44]} 62. Bc8 {[%clk 0:07:06]} Re2 {[%clk 0:00:41]} 63. Bd7 {[%clk
0:07:54]} Rd2 {[%clk 0:00:40]} 64. Bc8 {[%clk 0:08:18]} Rb2 {[%clk 0:00:42]} 65.
Bd7 {[%clk 0:08:18]} Rc2 {[%clk 0:00:45]} 66. Be6 {[%clk 0:08:41]} Kf6 {[%clk
0:01:04]} 67. Bd7 {[%clk 0:09:03]} Rc7 {[%clk 0:01:07]} 68. Ba4 {[%clk 0:08:08]}
Kg5 {[%clk 0:01:21]} 69. Bd1 {[%clk 0:07:05]} Rc1 {[%clk 0:01:34]} 70. Bf3 {[%clk
0:07:14]} Rc3 {[%clk 0:01:01]} 71. Kg2 {[%clk 0:06:23]} Rc2+ {[%clk 0:00:58]} 72.
Kf1 {[%clk 0:06:47]} Rb2 {[%clk 0:00:43]} 73. Kg1 {[%clk 0:07:09]} Rd2 {[%clk
0:00:41]} 74. Kf1 {[%clk 0:07:34]} Ra2 {[%clk 0:00:39]} 75. Kg1 {[%clk 0:07:59]}
Rb2 {[%clk 0:00:43]} 76. Kf1 {[%clk 0:08:25]} Rc2 {[%clk 0:00:44]} 77. Kg1 {[%clk
0:08:51]} Rb2 {[%clk 0:00:40]} 78. Kf1 {[%clk 0:09:14]} Rh2 {[%clk 0:00:41]} 79.
Kg1 {[%clk 0:09:37]} Rb2 {[%clk 0:00:42]} 80. Kf1 {[%clk 0:09:22]} Ra2 {[%clk
0:00:45]} 81. Kg1 {[%clk 0:09:04]} h4 {[%clk 0:00:48]} 82. gxh4+ {[%clk 0:09:44]}
Kxh4 {[%clk 0:01:07]} 83. Kf1 {[%clk 0:09:54]} Kg3 {[%clk 0:01:15]} 84. Bd5
{[%clk 0:09:20]} Rd2 {[%clk 0:01:33]} 85. Bc6 {[%clk 0:09:37]} Kf4 {[%clk
0:01:07]} 86. Bb7 {[%clk 0:08:44]} Ke3 {[%clk 0:00:53]} 87. Bc6 {[%clk 0:09:07]}
Rd6 {[%clk 0:00:39]} 88. Bb7 {[%clk 0:09:29]} Rf6+ {[%clk 0:00:45]} 89. Kg1
{[%clk 0:09:53]} Rb6 {[%clk 0:00:42]} 90. Bd5 {[%clk 0:09:49]} Rg6+ {[%clk
0:00:34]} 91. Kf1 {[%clk 0:10:18]} Rg7 {[%clk 0:00:36]} 92. Bc6 {[%clk 0:10:39]}
Rc7 {[%clk 0:00:39]} 93. Bd5 {[%clk 0:10:58]} Rc2 {[%clk 0:00:41]} 94. Bb7 {[%clk
0:10:57]} Rf2+ {[%clk 0:00:46]} 95. Kg1 {[%clk 0:11:36]} Rf7 {[%clk 0:00:42]} 96.
Bc6 {[%clk 0:11:49]} Rg7+ {[%clk 0:00:39]} 97. Kf1 {[%clk 0:12:14]} Rf7+ {[%clk
0:00:39]} 98. Kg1 {[%clk 0:12:19]} Rc7 {[%clk 0:00:53]} 99. Bd5 {[%clk 0:12:14]}
Rc2 {[%clk 0:01:00]} 100. Kf1 {[%clk 0:12:38]} Rc1+ {[%clk 0:00:49]} 101. Kg2
{[%clk 0:12:58]} Rc5 {[%clk 0:00:36]} 102. Bb7 {[%clk 0:13:22]} Rb5 {[%clk
0:00:46]} 103. Bc6 {[%clk 0:13:46]} Rc5 {[%clk 0:00:37]} 104. Bb7 {[%clk
0:11:15]} Rc7 {[%clk 0:01:01]} 105. Bd5 {[%clk 0:11:15]} Rg7+ {[%clk 0:01:01]}
106. Kf1 {[%clk 0:11:39]} Rd7 {[%clk 0:01:26]} 1/2-1/2

[Event "Irena Warakomska Memorial A"]
[Site "Suwalki"]
[Date "2018.08.08"]
[Round "9"]
[White "Ocytko, Andrzej"]
[Black "Bukojemski, Adam"]
[Result "0-1"]
[Board "42"]
[WhiteElo "2155"]
[WhiteCountry "POL"]
[WhiteFideId "1101242"]
[WhiteEloChange "-8"]
[BlackElo "2233"]
[BlackCountry "POL"]
[BlackFideId "1114620"]
[BlackEloChange "8"]

1. e4 {[%clk 1:31:00]} c5 {[%clk 1:30:50]} 2. Nf3 {[%clk 1:31:26]} e6 {[%clk
1:31:08]} 3. d4 {[%clk 1:31:13]} cxd4 {[%clk 1:31:30]} 4. Nxd4 {[%clk 1:31:38]}
Nc6 {[%clk 1:31:36]} 5. Nb5 {[%clk 1:31:52]} d6 {[%clk 1:31:30]} 6. c4 {[%clk
1:32:17]} a6 {[%clk 1:31:15]} 7. N5c3 {[%clk 1:32:39]} Nf6 {[%clk 1:31:27]} 8.
Be2 {[%clk 1:33:03]} b6 {[%clk 1:30:28]} 9. Be3 {[%clk 1:33:08]} Bb7 {[%clk
1:28:51]} 10. O-O {[%clk 1:30:48]} Rc8 {[%clk 1:28:52]} 11. f3 {[%clk 1:28:35]}
Be7 {[%clk 1:27:10]} 12. Na3 {[%clk 1:28:41]} O-O {[%clk 1:20:46]} 13. Qb3 {[%clk
1:25:47]} Nd7 {[%clk 1:20:58]} 14. Rfd1 {[%clk 1:26:12]} Qc7 {[%clk 1:20:42]} 15.
Rac1 {[%clk 1:23:16]} Nc5 {[%clk 1:20:43]} 16. Qc2 {[%clk 1:23:37]} f5 {[%clk
1:19:11]} 17. exf5 {[%clk 1:19:39]} Rxf5 {[%clk 1:19:31]} 18. Qd2 {[%clk
1:07:58]} Rd8 {[%clk 1:04:06]} 19. Nc2 {[%clk 1:00:26]} d5 {[%clk 0:59:58]} 20.
cxd5 {[%clk 0:46:45]} exd5 {[%clk 1:00:26]} 21. g4 {[%clk 0:34:48]} Rf7 {[%clk
0:49:07]} 22. Nxd5 {[%clk 0:28:08]} Rxd5 {[%clk 0:49:25]} 23. Qxd5 {[%clk
0:27:37]} Ne5 {[%clk 0:49:26]} 24. Qd2 {[%clk 0:26:16]} Nxf3+ {[%clk 0:42:10]}
25. Bxf3 {[%clk 0:26:35]} Rxf3 {[%clk 0:35:34]} 26. Nd4 {[%clk 0:25:41]} Rg3+
{[%clk 0:32:48]} 27. Kf1 {[%clk 0:17:52]} Rxg4 {[%clk 0:28:53]} 28. Nf5 {[%clk
0:13:01]} Bf6 {[%clk 0:19:53]} 29. Qd6 {[%clk 0:10:12]} Bg2+ {[%clk 0:18:20]} 30.
Ke1 {[%clk 0:09:12]} Qxd6 {[%clk 0:16:37]} 31. Nxd6 {[%clk 0:09:38]} Bxb2 {[%clk
0:16:22]} 32. Rb1 {[%clk 0:03:45]} Na4 {[%clk 0:09:31]} 33. Bxb6 {[%clk 0:01:38]}
Rb4 {[%clk 0:05:48]} 34. Bd4 {[%clk 0:01:20]} Bf3 {[%clk 0:05:12]} 35. Rxb2
{[%clk 0:00:59]} Nxb2 {[%clk 0:05:23]} 36. Rd2 {[%clk 0:00:38]} Na4 {[%clk
0:05:52]} 37. Kf2 {[%clk 0:00:51]} Bd5 {[%clk 0:05:47]} 38. Ne8 {[%clk 0:00:48]}
Bxa2 {[%clk 0:02:14]} 39. Nxg7 {[%clk 0:00:41]} Bb1 {[%clk 0:01:42]} 40. Nh5
{[%clk 0:30:35]} Kf7 {[%clk 0:30:47]} 41. Nf4 {[%clk 0:30:38]} Nb6 {[%clk
0:26:29]} 42. Kg3 {[%clk 0:14:13]} a5 {[%clk 0:24:00]} 43. Ba1 {[%clk 0:08:51]}
Be4 {[%clk 0:20:14]} 44. Rd6 {[%clk 0:09:01]} Ke7 {[%clk 0:18:44]} 45. Re6+
{[%clk 0:08:33]} Kd7 {[%clk 0:19:13]} 46. Be5 {[%clk 0:07:56]} Nc4 {[%clk
0:16:46]} 47. Bd4 {[%clk 0:05:53]} Nd6 {[%clk 0:15:55]} 48. Bc5 {[%clk 0:05:22]}
Nf5+ {[%clk 0:16:20]} 49. Kg4 {[%clk 0:05:27]} Rc4 {[%clk 0:16:18]} 50. Bb6
{[%clk 0:04:11]} Nd6 {[%clk 0:14:52]} 51. Re5 {[%clk 0:03:28]} a4 {[%clk
0:15:08]} 52. Ra5 {[%clk 0:03:48]} Bc2 {[%clk 0:12:10]} 53. Be3 {[%clk 0:02:21]}
Re4 {[%clk 0:10:32]} 54. Bc1 {[%clk 0:02:29]} Nc4 {[%clk 0:10:19]} 55. Ra7+
{[%clk 0:02:27]} Kc6 {[%clk 0:10:48]} 56. Kf3 {[%clk 0:02:43]} Kb6 {[%clk
0:11:01]} 57. Re7 {[%clk 0:01:51]} Rxe7 {[%clk 0:11:26]} 58. Nd5+ {[%clk
0:02:20]} Kc5 {[%clk 0:11:36]} 59. Nxe7 {[%clk 0:02:42]} a3 {[%clk 0:10:32]} 60.
Bxa3+ {[%clk 0:01:43]} Nxa3 {[%clk 0:11:01]} 61. Ng8 {[%clk 0:00:49]} Kd6 {[%clk
0:10:59]} 62. Nf6 {[%clk 0:01:04]} Ke6 {[%clk 0:11:17]} 63. Nxh7 {[%clk 0:01:20]}
Bxh7 {[%clk 0:11:45]} 64. h4 {[%clk 0:01:41]} Nc4 {[%clk 0:12:08]} 65. h5 {[%clk
0:02:04]} Kf6 {[%clk 0:12:25]} 66. h6 {[%clk 0:02:23]} Bc2 {[%clk 0:12:45]} 0-1

[Event "Irena Warakomska Memorial A"]
[Site "Suwalki"]
[Date "2018.08.08"]
[Round "9"]
[White "Sliwerski, Radoslaw"]
[Black "Kuchava, Ana"]
[Result "1-0"]
[Board "43"]
[WhiteElo "2011"]
[WhiteCountry "POL"]
[WhiteFideId "1115308"]
[WhiteEloChange "13"]
[BlackElo "2124"]
[BlackTitle "WFM"]
[BlackCountry "GEO"]
[BlackFideId "13605348"]
[BlackEloChange "-13"]

1. d4 {[%clk 1:30:58]} d5 {[%clk 1:30:46]} 2. c4 {[%clk 1:31:26]} e6 {[%clk
1:31:09]} 3. Nc3 {[%clk 1:31:51]} Be7 {[%clk 1:31:31]} 4. Nf3 {[%clk 1:32:13]}
Nf6 {[%clk 1:31:45]} 5. Bg5 {[%clk 1:32:40]} O-O {[%clk 1:32:04]} 6. e3 {[%clk
1:33:08]} h6 {[%clk 1:32:29]} 7. Bxf6 {[%clk 1:33:33]} Bxf6 {[%clk 1:32:54]} 8.
Rc1 {[%clk 1:33:57]} c6 {[%clk 1:30:48]} 9. Bd3 {[%clk 1:34:24]} Nd7 {[%clk
1:30:56]} 10. O-O {[%clk 1:34:49]} dxc4 {[%clk 1:29:02]} 11. Bxc4 {[%clk
1:35:15]} e5 {[%clk 1:28:38]} 12. h3 {[%clk 1:35:22]} exd4 {[%clk 1:28:27]} 13.
exd4 {[%clk 1:35:47]} Nb6 {[%clk 1:28:45]} 14. Bb3 {[%clk 1:36:00]} Re8 {[%clk
1:26:18]} 15. Re1 {[%clk 1:34:33]} Rxe1+ {[%clk 1:24:30]} 16. Qxe1 {[%clk
1:35:02]} Bf5 {[%clk 1:23:25]} 17. Ne4 {[%clk 1:32:11]} Qe7 {[%clk 1:15:50]} 18.
Nxf6+ {[%clk 1:14:17]} Qxf6 {[%clk 1:16:13]} 19. Qe3 {[%clk 0:58:16]} Rd8 {[%clk
1:13:49]} 20. Re1 {[%clk 0:57:41]} Qd6 {[%clk 1:07:26]} 21. Qe7 {[%clk 0:44:16]}
Qxe7 {[%clk 0:53:45]} 22. Rxe7 {[%clk 0:44:41]} Rd7 {[%clk 0:53:30]} 23. Bxf7+
{[%clk 0:44:11]} Kf8 {[%clk 0:53:54]} 24. Rxd7 {[%clk 0:44:33]} Bxd7 {[%clk
0:54:01]} 25. Ne5 {[%clk 0:38:15]} Bf5 {[%clk 0:53:26]} 26. Bb3 {[%clk 0:37:50]}
Ke7 {[%clk 0:53:09]} 27. f4 {[%clk 0:37:48]} Be6 {[%clk 0:52:12]} 28. Bxe6 {[%clk
0:37:31]} Kxe6 {[%clk 0:52:40]} 29. Kf2 {[%clk 0:37:52]} Nd5 {[%clk 0:45:32]} 30.
Kf3 {[%clk 0:34:58]} Nf6 {[%clk 0:45:26]} 31. g4 {[%clk 0:34:51]} Kd5 {[%clk
0:45:22]} 32. Ke3 {[%clk 0:34:23]} Ne8 {[%clk 0:41:30]} 33. Ng6 {[%clk 0:27:45]}
Nd6 {[%clk 0:40:35]} 34. b3 {[%clk 0:27:49]} Nb5 {[%clk 0:40:09]} 35. Ne7+ {[%clk
0:27:41]} Ke6 {[%clk 0:40:32]} 36. Nf5 {[%clk 0:27:54]} Kf6 {[%clk 0:40:55]} 37.
Ng3 {[%clk 0:25:38]} Ke6 {[%clk 0:39:49]} 38. f5+ {[%clk 0:25:52]} Ke7 {[%clk
0:38:01]} 39. Ne4 {[%clk 0:21:47]} b6 {[%clk 0:37:31]} 40. h4 {[%clk 0:51:14]}
Nc7 {[%clk 1:07:52]} 41. Nc3 {[%clk 0:51:16]} Ne8 {[%clk 1:07:21]} 42. g5 {[%clk
0:47:04]} hxg5 {[%clk 1:07:14]} 43. hxg5 {[%clk 0:47:33]} Kd6 {[%clk 1:06:19]}
44. Kf4 {[%clk 0:47:06]} Nc7 {[%clk 1:06:40]} 45. Kg4 {[%clk 0:46:15]} Ke7 {[%clk
1:06:16]} 46. Kh5 {[%clk 0:45:42]} Kf7 {[%clk 1:06:36]} 47. Ne4 {[%clk 0:45:31]}
Nb5 {[%clk 1:06:29]} 48. g6+ {[%clk 0:43:28]} Kf8 {[%clk 1:06:45]} 49. f6 {[%clk
0:43:29]} gxf6 {[%clk 1:06:40]} 50. Kh6 {[%clk 0:43:36]} Nxd4 {[%clk 1:06:30]}
51. g7+ {[%clk 0:43:26]} Kf7 {[%clk 1:06:32]} 52. Kh7 {[%clk 0:43:39]} 1-0

[Event "Irena Warakomska Memorial A"]
[Site "Suwalki"]
[Date "2018.08.08"]
[Round "9"]
[White "Koziak, Vitali"]
[Black "Nowak, Lukasz"]
[Result "1-0"]
[Board "44"]
[WhiteElo "2473"]
[WhiteTitle "IM"]
[WhiteCountry "UKR"]
[WhiteFideId "14102234"]
[WhiteEloChange "3"]
[BlackElo "2293"]
[BlackCountry "POL"]
[BlackFideId "1166760"]
[BlackEloChange "-5"]

1. d4 {[%clk 1:30:30]} Nf6 {[%clk 1:30:30]} 2. c4 {[%clk 1:30:30]} e6 {[%clk
1:30:30]} 3. Nf3 {[%clk 1:30:53]} d5 {[%clk 1:31:18]} 4. Nc3 {[%clk 1:31:03]}
dxc4 {[%clk 1:31:34]} 5. e4 {[%clk 1:30:47]} Bb4 {[%clk 1:31:39]} 6. Bxc4 {[%clk
1:30:31]} Nxe4 {[%clk 1:31:50]} 7. O-O {[%clk 1:30:46]} Nf6 {[%clk 1:31:56]} 8.
Bg5 {[%clk 1:15:52]} O-O {[%clk 1:27:10]} 9. Qe2 {[%clk 1:07:42]} Be7 {[%clk
1:21:47]} 10. Rad1 {[%clk 1:00:23]} Nbd7 {[%clk 1:21:17]} 11. Ne5 {[%clk
0:57:05]} Nb6 {[%clk 1:19:55]} 12. Bd3 {[%clk 0:54:52]} Nfd5 {[%clk 1:15:58]} 13.
Qh5 {[%clk 0:41:16]} f5 {[%clk 1:04:04]} 14. Bxe7 {[%clk 0:38:59]} Qxe7 {[%clk
0:54:03]} 15. Rfe1 {[%clk 0:38:02]} Bd7 {[%clk 0:50:01]} 16. Qf3 {[%clk 0:34:26]}
Rad8 {[%clk 0:40:15]} 17. Nxd5 {[%clk 0:23:48]} Nxd5 {[%clk 0:40:23]} 18. Bc4
{[%clk 0:24:08]} Bc6 {[%clk 0:37:05]} 19. Qb3 {[%clk 0:22:19]} Rd6 {[%clk
0:28:15]} 20. Qa3 {[%clk 0:16:06]} Rfd8 {[%clk 0:21:21]} 21. Qxa7 {[%clk
0:11:21]} Nb6 {[%clk 0:18:34]} 22. Nxc6 {[%clk 0:09:55]} bxc6 {[%clk 0:18:55]}
23. Bb3 {[%clk 0:08:42]} c5 {[%clk 0:13:26]} 24. dxc5 {[%clk 0:08:06]} Rxd1
{[%clk 0:13:41]} 25. Bxd1 {[%clk 0:04:41]} Qxc5 {[%clk 0:13:49]} 26. Bb3 {[%clk
0:04:58]} Kh8 {[%clk 0:12:57]} 27. g3 {[%clk 0:03:21]} e5 {[%clk 0:12:54]} 28.
Qb7 {[%clk 0:01:25]} e4 {[%clk 0:12:57]} 29. Re2 {[%clk 0:01:15]} h6 {[%clk
0:12:36]} 30. Kg2 {[%clk 0:00:56]} Qd6 {[%clk 0:08:33]} 31. Rc2 {[%clk 0:00:52]}
c5 {[%clk 0:04:01]} 32. Qf7 {[%clk 0:00:46]} Rf8 {[%clk 0:02:09]} 33. Rd2 {[%clk
0:01:00]} Qb8 {[%clk 0:01:29]} 34. Qe6 {[%clk 0:00:55]} f4 {[%clk 0:01:21]} 35.
Qxe4 {[%clk 0:01:07]} f3+ {[%clk 0:01:30]} 36. Kg1 {[%clk 0:01:30]} c4 {[%clk
0:01:18]} 37. Bd1 {[%clk 0:01:43]} Qa8 {[%clk 0:00:44]} 38. Qxa8 {[%clk 0:01:00]}
Rxa8 {[%clk 0:01:07]} 39. Bxf3 {[%clk 0:00:45]} Rxa2 {[%clk 0:01:22]} 40. Rd8+
{[%clk 0:30:36]} Kh7 {[%clk 0:31:47]} 41. Be4+ {[%clk 0:28:58]} g6 {[%clk
0:31:10]} 42. Rd6 {[%clk 0:25:05]} Rxb2 {[%clk 0:14:59]} 43. Rxg6 {[%clk
0:25:10]} Re2 {[%clk 0:10:57]} 44. Bf5 {[%clk 0:25:21]} Re1+ {[%clk 0:11:17]} 45.
Kg2 {[%clk 0:25:45]} Re5 {[%clk 0:11:42]} 46. Bb1 {[%clk 0:25:00]} 1-0